[Event "Hampstead GM 3rd"]
[Site "Hampstead"]
[Date "1998.08.10"]
[Round "14"]
[White "Dearing, Eddie"]
[Black "Burnett, Ronald"]
[Result "0-1"]
[WhiteElo "2295"]
[BlackElo "2395"]
[PlyCount "44"]
[EventDate "1998.08.??"]
[Source "www.chesslib.no"]
[SourceDate "2004.05.04"]

1. d4 Nf6 2. c4 b6 3. Nc3 Bb7 4. f3 d5 5. cxd5 Nxd5 6. e4 Nxc3 7. bxc3 e5 8. Be3 Bd6 9. Bb5+ c6 10. Bd3 exd4 11. Bxd4 Qh4+ 12. Bf2 Qh6 13. Ne2 Nd7 14. Nd4 Be5 15. g3 c5 16. Ne2 O-O-O 17. Qa4 Bc7 18. Ba6 Ne5 19. O-O Nxf3+ 20. Kg2 Nd2 21. Bxb7+ Kxb7 22. Rfd1 Qe6 0-1

[Event "GEO olympiad select (Women)"]
[Site "?"]
[Date "2001.09.25"]
[Round "5"]
[White "Lomineishvili Maia"]
[Black "Khurtsilava Inga"]
[Result "1-0"]
[WhiteElo "2425"]
[BlackElo "2261"]
[PlyCount "45"]
[EventDate "2001.??.??"]
[Source "www.chesslib.no"]
[SourceDate "2004.05.04"]

1. d4 Nf6 2. c4 b6 3. Nc3 e6 4. e4 Bb7 5. Bd3 d5 6. cxd5 exd5 7. e5 Ne4 8. Nge2 Be7 9. O-O c5 10. Bxe4 dxe4 11. d5 Nd7 12. Qa4 O-O 13. Qxe4 Re8 14. f4 Bf8 15. Qd3 Rc8 16. Be3 c4 17. Qd2 Nc5 18. Bxc5 Rxc5 19. Ng3 b5 20. d6 Qa8 21. Qd4 Rec8 22. Nge4 Bxe4 23. Qxe4 1-0

[Event "corr M.042"]
[Site "IECG"]
[Date "1998.??.??"]
[Round "?"]
[White "Verdier, Patrice"]
[Black "Bell, Adam"]
[Result "1-0"]
[WhiteElo "2409"]
[BlackElo "2271"]
[PlyCount "33"]
[EventDate "1998.04.05"]
[Source "www.chesslib.no"]
[SourceDate "2004.05.04"]

1. d4 Nf6 2. c4 b6 3. Nc3 Bb7 4. Qc2 d6 5. Nf3 e5 6. dxe5 dxe5 7. Nxe5 Bd6 8. Nf3 O-O 9. Bg5 h6 10. Bh4 Re8 11. O-O-O Nbd7 12. Nb5 Be4 13. Qd2 Qc8 14. e3 Be7 15. Bg3 Qa6 16. a3 Red8 17. Nxc7 1-0

[Event "Ljubljana op"]
[Site "Ljubljana"]
[Date "1997.??.??"]
[Round "8"]
[White "Sitnik, Igor"]
[Black "Barle, Janez"]
[Result "0-1"]
[WhiteElo "2225"]
[BlackElo "2450"]
[PlyCount "54"]
[EventDate "1997.??.??"]
[Source "www.chesslib.no"]
[SourceDate "2004.05.04"]

1. d4 Nf6 2. c4 b6 3. Nc3 Bb7 4. Qc2 d5 5. cxd5 Nxd5 6. e4 Nxc3 7. bxc3 e5 8. d5 Bd6 9. Bb5+ c6 10. dxc6 Nxc6 11. Ne2 O-O 12. O-O Rc8 13. Rd1 Qe7 14. Be3 Rfd8 15. Qa4 Na5 16. Ng3 g6 17. Rac1 Bc5 18. Bxc5 Qxc5 19. Qb4 Qc7 20. h4 h5 21. Be2 Bc6 22. Qa3 Rxd1+ 23. Rxd1 Rd8 24. Qc1 Ba4 25. Rxd8+ Qxd8 26. Qh6 Qxh4 27. Bxh5 Qf4 0-1

[Event "BCSA Open"]
[Site "?"]
[Date "2003.07.21"]
[Round "5"]
[White "Dzagnidze Nana"]
[Black "Babujian Levon"]
[Result "0-1"]
[WhiteElo "2446"]
[BlackElo "2229"]
[PlyCount "106"]
[EventDate "2003.??.??"]
[Source "www.chesslib.no"]
[SourceDate "2004.05.04"]

1. d4 Nf6 2. c4 b6 3. Nc3 Bb7 4. d5 e6 5. e4 exd5 6. exd5 g6 7. Bg5 Bg7 8. Qe2+ Kf8 9. Nf3 h6 10. Bf4 d6 11. Qd2 Nbd7 12. Be2 Kg8 13. O-O Kh7 14. b4 Re8 15. Rac1 a5 16. a3 axb4 17. axb4 Ra3 18. Nd4 Ne5 19. Ndb5 Ra8 20. Be3 Qe7 21. Bd4 h5 22. f4 Neg4 23. Bd3 c5 24. dxc6 Bxc6 25. h3 Nh6 26. Bxb6 Qb7 27. Bd4 Rad8 28. Qb2 Nf5 29. Bxf5 gxf5 30. Na7 Bd7 31. Ncb5 Re6 32. Rfe1 Rde8 33. Rxe6 Rxe6 34. Ra1 d5 35. cxd5 Nxd5 36. Bxg7 Nxf4 37. Nd6 Rxd6 38. Be5 Nd3 39. Qe2 Nxe5 40. Qxe5 Rd2 41. Qg3 Qxb4 42. Kh1 Qd4 43. Qe1 Be6 44. Nb5 Qd5 45. Qf1 Qe4 46. Nc3 Qe3 47. Rc1 Qg5 48. Rd1 Bc4 49. Qf3 Be2 50. Qb7 Bxd1 51. Qxf7+ Qg7 52. Qxf5+ Qg6 53. Qf1 Bb3 0-1

[Event "Geneve YM"]
[Site "Geneva SUI"]
[Date "1989.??.??"]
[Round "?"]
[White "Karolyi, Tibor jr"]
[Black "Horn, Pascal"]
[Result "1-0"]
[WhiteElo "2430"]
[BlackElo "2235"]
[PlyCount "55"]
[EventDate "1989.??.??"]
[Source "www.chesslib.no"]
[SourceDate "2004.05.04"]

1. d4 Nf6 2. c4 b6 3. f3 d5 4. cxd5 Qxd5 5. e4 Qd7 6. Nc3 Bb7 7. Be3 e6 8. Bc4 Be7 9. Nge2 O-O 10. O-O c5 11. dxc5 Qc8 12. Na4 Nbd7 13. b4 bxc5 14. Rc1 cxb4 15. Bxe6 Qd8 16. Bb3 Qa5 17. Nd4 Rfd8 18. Nf5 Bf8 19. Nd6 Bxd6 20. Qxd6 Ne5 21. Qe7 Rd7 22. Qc5 Nc6 23. e5 Nd5 24. Rfd1 Rad8 25. Bg5 Nc3 26. Bxd8 Qxd8 27. Nxc3 bxc3 28. e6 1-0

[Event "Amsterdam IBM M 4-K"]
[Site "Amsterdam NED"]
[Date "1975.??.??"]
[Round "?"]
[White "Van Scheltinga, Theo D"]
[Black "Van Geet, Dirk D"]
[Result "1-0"]
[WhiteElo "2325"]
[BlackElo "2335"]
[PlyCount "65"]
[EventDate "1975.??.??"]
[Source "www.chesslib.no"]
[SourceDate "2004.05.04"]

1. d4 Nf6 2. c4 b6 3. Nc3 Bb7 4. Qc2 d5 5. cxd5 Nxd5 6. Nf3 Nxc3 7. bxc3 Nd7 8. e4 e5 9. dxe5 Qe7 10. Bg5 f6 11. Be3 O-O-O 12. Qa4 Nxe5 13. Qxa7 Nd3+ 14. Bxd3 Rxd3 15. O-O Qxe4 16. Rfe1 Bd6 17. Bxb6 Bxh2+ 18. Kxh2 Qf4+ 19. Kg1 Rxf3 20. Bxc7 Qxc7 21. gxf3 g5 22. Rab1 Rd8 23. Rb5 Bc6 24. Qa6+ Kd7 25. Rc5 Rc8 26. Qe2 Kd6 27. Qe3 Qf7 28. Qd4+ Kc7 29. Qa4 Qd7 30. Qa5+ Kb8 31. Qb4+ Bb7 32. Rxc8+ Kxc8 33. Qf8+ 1-0

[Event "Corr"]
[Site "?"]
[Date "1998.01.20"]
[Round "?"]
[White "Vodep Otto"]
[Black "Mrugala Arthur (CAN)"]
[Result "1-0"]
[WhiteElo "2325"]
[BlackElo "2335"]
[PlyCount "67"]
[EventDate "1998.??.??"]
[Source "www.chesslib.no"]
[SourceDate "2004.05.04"]

1. d4 Nf6 2. c4 b6 3. Nc3 Bb7 4. Qc2 d5 5. cxd5 Nxd5 6. e4 Nxc3 7. bxc3 e5 8. Nf3 exd4 9. Bb5+ c6 10. Bc4 b5 11. Be2 dxc3 12. Qxc3 Qe7 13. O-O Nd7 14. Re1 a6 15. Bb2 c5 16. Rad1 Rc8 17. Qc1 c4 18. Qa1 Rg8 19. Nd4 Qg5 20. Nf5 Nc5 21. h4 Qg6 22. h5 Qc6 23. Bf3 Qb6 24. Nxg7+ Bxg7 25. Bxg7 Nd3 26. Re3 Qe6 27. h6 Bc6 28. Qd4 b4 29. Bh5 Rd8 30. Qa7 Ra8 31. Qc7 Qd7 32. Qb6 Bb7 33. Rf3 Qc6 34. Bxf7+ 1-0

[Event "Geneve-B"]
[Site "Geneva SUI"]
[Date "1990.??.??"]
[Round "10"]
[White "Tosic, Miroslav"]
[Black "Horn, Pascal"]
[Result "1-0"]
[WhiteElo "2375"]
[BlackElo "2285"]
[PlyCount "69"]
[EventDate "1990.??.??"]
[Source "www.chesslib.no"]
[SourceDate "2004.05.04"]

1. d4 Nf6 2. c4 b6 3. f3 Nc6 4. d5 Ne5 5. e4 Ng6 6. Nc3 e5 7. Be3 Bb4 8. Qd2 O-O 9. g3 d6 10. Nge2 Ne8 11. a3 Bc5 12. h4 Bxe3 13. Qxe3 f5 14. exf5 Bxf5 15. h5 Nh8 16. g4 Bd7 17. Ne4 Nf6 18. N2c3 Nxe4 19. Nxe4 Rf4 20. g5 Nf7 21. g6 Ng5 22. gxh7+ Kh8 23. O-O-O Nxe4 24. fxe4 Qg5 25. Be2 Qh6 26. Kb1 Raf8 27. Ka2 Bg4 28. Rdg1 Bxe2 29. Qxe2 R8f6 30. Rh2 Qxh7 31. Rg6 Kg8 32. Rhg2 Kf8 33. c5 dxc5 34. Qa6 Kg8 35. Qc8+ 1-0

[Event "Groningen SO-ON op A"]
[Site "?"]
[Date "2001.12.27"]
[Round "5"]
[White "Hoeksema Hendrik Pieter"]
[Black "Erwich Marc JL"]
[Result "1-0"]
[WhiteElo "2360"]
[BlackElo "2295"]
[PlyCount "49"]
[EventDate "2001.??.??"]
[Source "www.chesslib.no"]
[SourceDate "2004.05.04"]

1. d4 Nf6 2. c4 b6 3. f3 c5 4. d5 d6 5. e4 g6 6. Nc3 Bg7 7. Bg5 O-O 8. Qd2 Re8 9. Nge2 a6 10. a4 Nbd7 11. Ng3 Bb7 12. Be2 Qc7 13. O-O Rad8 14. Kh1 e6 15. Qf4 exd5 16. cxd5 c4 17. Rac1 Qc5 18. b3 b5 19. bxc4 bxc4 20. Nd1 Rc8 21. Rxc4 Qa3 22. Ne3 h6 23. Bxh6 Ne5 24. Bxg7 Nxc4 25. Nxc4 1-0

[Event "BCF-ch Hove"]
[Site "?"]
[Date "1997.??.??"]
[Round "2"]
[White "Sashikiran, Krish"]
[Black "Hunt, Adam"]
[Result "1-0"]
[WhiteElo "2430"]
[BlackElo "2225"]
[PlyCount "89"]
[EventDate "1997.??.??"]
[Source "www.chesslib.no"]
[SourceDate "2004.05.04"]

1. d4 Nf6 2. c4 b6 3. Nc3 Bb7 4. d5 e6 5. a3 Be7 6. e4 d6 7. g3 Nbd7 8. Bg2 O-O 9. Nge2 a5 10. O-O Nc5 11. Be3 Re8 12. Nd4 Bf8 13. h3 a4 14. Qc2 Nfd7 15. Rad1 g6 16. Rfe1 Bg7 17. Ndb5 e5 18. f4 Ba6 19. f5 Bxb5 20. cxb5 Nb3 21. Qf2 g5 22. Kh2 Bf6 23. Rg1 Ndc5 24. Qe2 Kg7 25. Qh5 h6 26. Rdf1 Qd7 27. h4 Rh8 28. Bf3 Nd4 29. Be2 Ncb3 30. Bd3 Nc5 31. Bc4 Qe7 32. Kg2 Nc2 33. Bc1 Nd4 34. hxg5 hxg5 35. Qg4 Kf8 36. Rh1 Rg8 37. Rh7 Ke8 38. Qh5 Nd7 39. Nd1 Nf8 40. Rh6 Kd7 41. Nf2 Kc8 42. Ng4 Nd7 43. Rh7 Rf8 44. Nxf6 Nxf6 45. Bxg5 1-0

[Event "EYCC B16, Halkidiki GRE"]
[Site "?"]
[Date "2001.??.??"]
[Round "4"]
[White "Kharitonov, Alexa"]
[Black "Erwich, M."]
[Result "0-1"]
[WhiteElo "2395"]
[BlackElo "2260"]
[PlyCount "110"]
[EventDate "2001.??.??"]
[Source "www.chesslib.no"]
[SourceDate "2004.05.04"]

1. d4 Nf6 2. c4 b6 3. Nc3 Bb7 4. Qc2 e6 5. e4 Bb4 6. Bd3 c5 7. d5 b5 8. Bd2 bxc4 9. Bxc4 O-O 10. O-O-O exd5 11. exd5 d6 12. Bf4 Bxc3 13. Qxc3 Qb6 14. Nf3 Na6 15. Nh4 Ne4 16. Qc2 Rfe8 17. a3 Nc7 18. Nf5 Bc8 19. g4 Bxf5 20. gxf5 Re7 21. Rhg1 Kf8 22. f3 Nf6 23. Qc3 Nce8 24. Rg2 Nd7 25. Rdg1 f6 26. Bd2 Ne5 27. f4 Nxc4 28. Qxc4 Rb8 29. Bc3 Qb3 30. Qd3 Nc7 31. Qh3 Nxd5 32. Qxh7 Nxc3 33. Qh8+ Qg8 34. Qxg8+ Kxg8 35. bxc3 Rb3 36. Rd1 Rxa3 37. Rxd6 Rxc3+ 38. Kb2 Rc4 39. Rxf6 Rb7+ 40. Ka3 Rxf4 41. Rg5 Rf3+ 42. Ka2 Rf2+ 43. Ka1 Rxh2 44. Rfg6 Rh4 45. Ra6 c4 46. Rg3 Rh1+ 47. Ka2 Rh2+ 48. Ka1 Rd7 49. Rg1 c3 50. Rc6 c2 51. Rc1 Rf7 52. Rc5 Rf2 53. Rc8+ Rf8 54. Rc7 R8xf5 55. Rxa7 Rf1 0-1

[Event "Biel Credis Open"]
[Site "Biel SUI"]
[Date "1995.??.??"]
[Round "1"]
[White "Bacrot, Etienne"]
[Black "Alexandria, Nana G"]
[Result "1-0"]
[WhiteElo "2300"]
[BlackElo "2350"]
[PlyCount "41"]
[EventDate "1995.??.??"]
[Source "www.chesslib.no"]
[SourceDate "2004.05.04"]

1. d4 Nf6 2. c4 b6 3. Nf3 Bb7 4. g3 g6 5. Bg2 Bg7 6. O-O O-O 7. d5 b5 8. Qb3 Qc8 9. Qxb5 c6 10. dxc6 Bxc6 11. Qa5 Qb7 12. Nc3 Na6 13. Rd1 Rfc8 14. Rb1 Nc5 15. Qxc5 Ne4 16. Nxe4 Bxe4 17. Qxe7 Re8 18. Qd6 Bxb1 19. Nd2 Qb8 20. Nxb1 Rxe2 21. Qd5 1-0

[Event "Biel-C"]
[Site "Biel"]
[Date "1990.??.??"]
[Round "8"]
[White "Danner, Georg"]
[Black "Horn, Pascal"]
[Result "1-0"]
[WhiteElo "2330"]
[BlackElo "2320"]
[PlyCount "77"]
[EventDate "1990.07.??"]
[Source "www.chesslib.no"]
[SourceDate "2004.05.04"]

1. d4 Nf6 2. c4 b6 3. Nc3 Bb7 4. Qc2 d5 5. cxd5 Nxd5 6. e4 Nxc3 7. bxc3 e5 8. dxe5 Qh4 9. Bb5+ Nd7 10. Nf3 Qxe4+ 11. Qxe4 Bxe4 12. O-O O-O-O 13. Ng5 Bg6 14. e6 fxe6 15. Nxe6 Re8 16. Nxf8 Rhxf8 17. Rd1 Bf5 18. Be3 Re5 19. Ba6+ Kb8 20. Bd4 Ra5 21. Bf1 Nf6 22. Re1 Re8 23. Bc4 Bd7 24. Rxe8+ Nxe8 25. Re1 Nd6 26. Bg8 Bc6 27. Bxh7 Rxa2 28. Bxg7 a5 29. h4 Ra4 30. Bd4 Nb5 31. Bc2 Ra2 32. h5 Rxc2 33. h6 Rc1 34. Rxc1 Be4 35. Re1 Bd3 36. Re3 Bb1 37. Be5 Na3 38. Rh3 Nc4 39. Bf4 1-0

[Event "TCh-CZE Extraliga 2003-4"]
[Site "Czech Rep"]
[Date "2003.12.06"]
[Round "3"]
[White "Bazant, Petr Sr"]
[Black "Lys, Josef"]
[Result "1/2-1/2"]
[WhiteElo "2339"]
[BlackElo "2303"]
[PlyCount "138"]
[EventDate "2003.11.08"]
[Source "Roberto Alvarez"]
[SourceDate "2004.04.05"]

1. d4 Nf6 2. c4 b6 3. Nc3 Bb7 4. Qc2 e6 5. e4 Bb4 6. Bd3 h6 7. Nge2 Bxc3+ 8. bxc3 d6 9. O-O e5 10. f4 Nbd7 11. Ng3 O-O 12. Bd2 c5 13. Nf5 cxd4 14. cxd4 exd4 15. Nxd6 Bc6 16. e5 Nc5 17. Rae1 Nfd7 18. Bf5 Nb7 19. e6 Nxd6 20. e7 Qc7 21. exf8=Q+ Nxf8 22. Bb4 Rd8 23. Bd3 Ne6 24. Re5 Nb7 25. Qe2 a5 26. Ba3 Nbc5 27. Bxc5 Nxc5 28. Re1 Qd6 29. g3 Kf8 30. Kf2 f6 31. Re7 Nxd3+ 32. Qxd3 Qxe7 33. Rxe7 Kxe7 34. Ke2 Rd6 35. Kd2 Kf7 36. Qb3 Bd7 37. c5+ Be6 38. Qb5 bxc5 39. f5 Bxf5 40. Qxc5 Ke6 41. Qxa5 Rc6 42. a4 Rc2+ 43. Kd1 d3 44. Qb6+ Kf7 45. h3 Be4 46. Qe3 Re2 47. Qf4 Bd5 48. Qc7+ Kg6 49. Qc3 Be4 50. Qd4 f5 51. g4 Ra2 52. Qd6+ Kg5 53. Qg3 Rg2 54. Qe3+ Kh4 55. gxf5 Re2 56. Qf4+ Kxh3 57. a5 Bd5 58. Qf1+ Kg3 59. Qg1+ Kf4 60. Qd4+ Be4 61. f6 gxf6 62. Qxf6+ Kg3 63. Qxh6 Rc2 64. Qd6+ Kg2 65. Ke1 Re2+ 66. Kd1 Ra2 67. Qd4 Bf3+ 68. Kc1 Rc2+ 69. Kb1 Re2 1/2-1/2

[Event "URS Ch otbor"]
[Site "Beltsy"]
[Date "1979.??.??"]
[Round "?"]
[White "Popov, Nikolay"]
[Black "Kots, Yury Isakovich"]
[Result "1/2-1/2"]
[WhiteElo "2435"]
[BlackElo "2200"]
[PlyCount "84"]
[EventDate "1979.??.??"]
[Source "www.chesslib.no"]
[SourceDate "2004.05.04"]

1. d4 Nf6 2. c4 b6 3. Nc3 Bb7 4. Qc2 d5 5. cxd5 Nxd5 6. e4 Nxc3 7. bxc3 e5 8. dxe5 Nd7 9. Nf3 Qe7 10. Bf4 O-O-O 11. Bc4 f6 12. exf6 gxf6 13. Nd2 Ne5 14. Be2 f5 15. O-O Ng6 16. Be3 fxe4 17. a4 Nh4 18. a5 Rg8 19. g3 Nf5 20. Bf4 Qh4 21. Qa2 Bc5 22. Qe6+ Kb8 23. Qxf5 Rdf8 24. Bxc7+ Kxc7 25. axb6+ axb6 26. Qe5+ Bd6 27. Qh5 Qxh5 28. Bxh5 Rf5 29. Be2 h5 30. Nc4 Bc5 31. Ne3 Rfg5 32. h4 R5g7 33. Bc4 Rf8 34. Rae1 Rf3 35. Kg2 Bxe3 36. Rxe3 Rgxg3+ 37. fxg3 Rxe3 38. Bf7 Re2+ 39. Kg1 e3 40. Rf4 Re1+ 41. Rf1 Re2 42. Rf4 Re1+ 1/2-1/2

[Event "Bad Wiessee 2003"]
[Site "?"]
[Date "2003.11.08"]
[Round "1"]
[White "Atalik Suat"]
[Black "Urban Rudolf"]
[Result "1-0"]
[WhiteElo "2570"]
[BlackElo "2061"]
[PlyCount "51"]
[EventDate "2003.??.??"]
[Source "www.chesslib.no"]
[SourceDate "2004.05.04"]

1. d4 Nf6 2. c4 b6 3. Nc3 Bb7 4. Qc2 e6 5. e4 d6 6. Nf3 Be7 7. Be2 O-O 8. O-O a6 9. a3 Nfd7 10. Rd1 Re8 11. b4 Nf8 12. Be3 Nbd7 13. Rac1 Qc8 14. g3 a5 15. Bf1 axb4 16. axb4 c6 17. Qb3 Qb8 18. d5 exd5 19. cxd5 Rc8 20. dxc6 Bxc6 21. Bc4 Nf6 22. Ng5 d5 23. exd5 Ba4 24. Nxa4 b5 25. Bxb5 Rxc1 26. Bxc1 1-0

[Event "St Ingbert Open"]
[Site "St Ingbert"]
[Date "1988.??.??"]
[Round "7"]
[White "Neurohr, Stephan"]
[Black "Polajzer, Danilo"]
[Result "0-1"]
[WhiteElo "2305"]
[BlackElo "2325"]
[PlyCount "96"]
[EventDate "1988.08.20"]
[Source "www.chesslib.no"]
[SourceDate "2004.05.04"]

1. d4 Nf6 2. c4 b6 3. Nc3 Bb7 4. Qc2 e6 5. e4 Bb4 6. Bd3 c5 7. d5 b5 8. Bg5 bxc4 9. Bxc4 exd5 10. exd5 O-O 11. Nge2 d6 12. O-O Nbd7 13. Ne4 h6 14. Nxd6 hxg5 15. Nxb7 Qb6 16. a3 Qxb7 17. axb4 cxb4 18. d6 a5 19. Nd4 Ne5 20. Bb3 Qb6 21. Nf5 g6 22. Qe2 Ned7 23. Bxf7+ Rxf7 24. Nh6+ Kg7 25. Nxf7 Re8 26. Qc4 Re4 27. Qc7 Kxf7 28. Rxa5 g4 29. Ra7 Ke6 30. Rd1 Qd4 31. Raa1 Qxb2 32. Qd8 Qe5 33. g3 b3 34. Kg2 Re2 35. Ra5 Qe4+ 36. Kf1 Kf7 37. Qe7+ Qxe7 38. dxe7 Re6 39. Rb5 Rb6 40. e8=Q+ Kxe8 41. Rxb6 Nxb6 42. Rb1 Nc4 43. Ke2 b2 44. Kd3 Ne4 45. Re1 Ncd2 46. Ke3 Kf7 47. Kf4 Kf6 48. Kxg4 Nxf2+ 0-1

[Event "JUG Team Ch women"]
[Site "Tivat"]
[Date "1995.??.??"]
[Round "3"]
[White "Borsuk, Angela"]
[Black "Alexandria, Nana G"]
[Result "0-1"]
[WhiteElo "2270"]
[BlackElo "2350"]
[PlyCount "92"]
[EventDate "1995.??.??"]
[Source "www.chesslib.no"]
[SourceDate "2004.05.04"]

1. d4 Nf6 2. c4 b6 3. Nc3 Bb7 4. Qc2 e6 5. e4 Bb4 6. Bd3 Bxc3+ 7. bxc3 d6 8. Ne2 c5 9. O-O Nc6 10. f4 Nd7 11. d5 Na5 12. dxe6 fxe6 13. e5 Qh4 14. Be4 Bxe4 15. Qxe4 O-O 16. Qd3 Rfd8 17. exd6 Nf6 18. Bd2 Nb7 19. Be1 Qg4 20. h3 Qf5 21. Qe3 Rxd6 22. Ng3 Qd3 23. Qe5 Qxc4 24. f5 Re8 25. fxe6 Rdxe6 26. Qg5 Nd6 27. Nh5 Nxh5 28. Qxh5 Qe2 29. Qd5 Qe4 30. Qxe4 Rxe4 31. a4 Nc4 32. Bf2 h6 33. Rfd1 Nb2 34. Rd7 Nxa4 35. Rxa7 Nxc3 36. Rb7 R4e6 37. Raa7 Rg6 38. Ra6 Ree6 39. Ra8+ Kh7 40. Rbb8 Rgf6 41. Bh4 Rf4 42. g4 Ra4 43. Rh8+ Kg6 44. Raf8 Ra1+ 45. Kg2 Ra2+ 46. Bf2 Ne4 0-1

[Event "06sen.ESMM Europa"]
[Site "?"]
[Date "2004.02.??"]
[Round "7"]
[White "Khanukov Boris"]
[Black "Vucenovic Dragomir"]
[Result "1/2-1/2"]
[WhiteElo "2344"]
[BlackElo "2276"]
[PlyCount "110"]
[EventDate "2004.??.??"]
[Source "www.chesslib.no"]
[SourceDate "2004.05.04"]

1. d4 Nf6 2. c4 b6 3. Nc3 Bb7 4. f3 e6 5. e4 d6 6. Be3 Nbd7 7. Qd2 a6 8. Bd3 c5 9. Nge2 Qc7 10. O-O Be7 11. b3 O-O 12. Kh1 Rfd8 13. d5 exd5 14. exd5 Re8 15. a4 Bf8 16. g4 Ne5 17. Bc2 g6 18. h3 Qe7 19. Bg5 Bg7 20. Rae1 Qf8 21. f4 Ned7 22. f5 Re5 23. Bf4 Ree8 24. g5 Nh5 25. f6 Nhxf6 26. gxf6 Nxf6 27. Ng3 Nd7 28. Nce4 Ne5 29. Kh2 Bc8 30. Bd1 Ra7 31. Ng5 h6 32. Nf3 Nxf3+ 33. Bxf3 Rxe1 34. Qxe1 g5 35. Bd2 f5 36. Bc3 Re7 37. Qd2 Be5 38. Bxe5 Rxe5 39. Re1 f4 40. Nh5 Qe7 41. Rg1 Re3 42. Qd1 Qe5 43. Rg2 Qf5 44. Bg4 Qe5 45. Rf2 f3+ 46. Ng3 Bxg4 47. hxg4 h5 48. Rxf3 Rxf3 49. Qxf3 h4 50. Kh3 hxg3 51. Qxg3 Qh8+ 52. Kg2 Qb2+ 53. Kf1 Qc1+ 54. Kg2 Qb2+ 55. Kh1 Qa1+ 1/2-1/2

[Event "Chivilcoy Ch"]
[Site "Buenos Aires ARG"]
[Date "1996.??.??"]
[Round "?"]
[White "Recoulat, Eduardo J"]
[Black "Poch, Caesar G"]
[Result "1-0"]
[WhiteElo "2220"]
[BlackElo "2385"]
[PlyCount "85"]
[EventDate "1996.??.??"]
[Source "www.chesslib.no"]
[SourceDate "2004.05.04"]

1. d4 Nf6 2. c4 b6 3. Nc3 Bb7 4. f3 d5 5. cxd5 Nxd5 6. e4 Nxc3 7. bxc3 e6 8. Bb5+ c6 9. Bd3 Be7 10. Ne2 O-O 11. O-O c5 12. Be3 Nc6 13. d5 exd5 14. exd5 Ne5 15. c4 Re8 16. Rb1 Ba6 17. Qc2 Bd6 18. Bf4 Nxd3 19. Qxd3 Rxe2 20. Bxd6 Rxa2 21. Bg3 Qf6 22. d6 h5 23. Rfe1 Rd8 24. d7 Qc6 25. Rbd1 g6 26. Bh4 Rxd7 27. Qxd7 Qxd7 28. Rxd7 Bxc4 29. Bf6 g5 30. Ra1 Rc2 31. Rdxa7 g4 32. R7a3 b5 33. fxg4 hxg4 34. Rg3 Be6 35. Rc3 Rd2 36. Rxc5 Bd5 37. Rxb5 Rxg2+ 38. Kf1 Rd2 39. Ke1 Rd3 40. Raa5 Bf3 41. Rh5 Rd1+ 42. Kf2 g3+ 43. Kxf3 1-0

[Event "Ch (Men U20) Minsk BLR"]
[Site "?"]
[Date "2006.04.12"]
[Round "6"]
[White "Podolchenko Evgeniy"]
[Black "Gorovets Andrey"]
[Result "1/2-1/2"]
[WhiteElo "2252"]
[BlackElo "2352"]
[PlyCount "27"]
[EventDate "2006.??.??"]
[Source "www.chesslib.no"]
[SourceDate "2004.05.04"]

1. d4 Nf6 2. c4 b6 3. Nc3 Bb7 4. d5 e5 5. a3 a5 6. Nf3 d6 7. e4 g6 8. Bd3 Bg7 9. O-O O-O 10. Bd2 Na6 11. Bc2 c6 12. dxc6 Bxc6 13. Bg5 Nc5 14. Qd2 1/2-1/2

[Event "XXV Festival internazionale - Open A"]
[Site "Bled SLO"]
[Date "2008.02.24"]
[Round "3"]
[White "Soln, Primoz"]
[Black "Cepon, Dusan"]
[Result "1-0"]
[WhiteElo "2384"]
[BlackElo "2220"]
[PlyCount "133"]
[EventDate "8.02.24"]
[Source "www.chesslib.no"]
[SourceDate "2004.05.04"]

1. d4 Nf6 2. c4 b6 3. Nc3 Bb7 4. Qc2 d5 5. cxd5 Nxd5 6. e4 Nxc3 7. bxc3 e6 8. Nf3 Be7 9. Bb5+ c6 10. Be2 O-O 11. O-O Nd7 12. Rd1 Qc7 13. a4 Rad8 14. a5 c5 15. Qb1 bxa5 16. Bd3 cxd4 17. cxd4 Rb8 18. Qa2 Bb4 19. Bd2 Nf6 20. Re1 h6 21. g3 Bc6 22. Bxb4 axb4 23. Qxa7 Rb7 24. Qc5 Nd7 25. Qe7 Qb8 26. Qh4 b3 27. Rab1 b2 28. d5 exd5 29. Nd4 Ne5 30. Nxc6 Nf3+ 31. Kf1 Qe8 32. exd5 Qa8 33. Qf4 Nxe1 34. Rxe1 Re8 35. Rd1 Qa2 36. Bb1 Qb3 37. Rd3 Qb5 38. Qd2 Qc4 39. Qc2 Qxc2 40. Bxc2 b1=Q+ 41. Bxb1 Rxb1+ 42. Kg2 Rb7 43. h4 Rd7 44. Kf3 Kf8 45. Kf4 Rd6 46. g4 Re1 47. g5 Rh1 48. Ke5 Rd7 49. Rd4 Re1+ 50. Kf5 g6+ 51. Kf4 hxg5+ 52. hxg5 Rd6 53. Ne5 Rh1 54. Ng4 Re1 55. Nf6 Ke7 56. Ne4 Rd8 57. d6+ Kd7 58. f3 Rc8 59. Nf6+ Ke6 60. Ne4 Kd7 61. Ke5 Rc5+ 62. Kf6 Rf5+ 63. Kg7 Ra1 64. Nf6+ Kd8 65. Re4 Rxf6 66. gxf6 Kd7 67. Kxf7 1-0

[Event "ARG Ch"]
[Site "Argentina"]
[Date "1989.??.??"]
[Round "5"]
[White "Adla, Diego G"]
[Black "Rodriguez, Jorge Luis"]
[Result "1-0"]
[WhiteElo "2335"]
[BlackElo "2265"]
[PlyCount "53"]
[EventDate "1989.??.??"]
[Source "www.chesslib.no"]
[SourceDate "2004.05.04"]

1. d4 Nf6 2. c4 b6 3. Nc3 Bb7 4. Nf3 d5 5. cxd5 Nxd5 6. e4 Nxc3 7. bxc3 Bxe4 8. Ne5 Bb7 9. Bb5+ c6 10. Bc4 e6 11. Qh5 Qc7 12. Bxe6 g6 13. Bxf7+ Qxf7 14. Nxf7 gxh5 15. Nxh8 Bg7 16. O-O Bxh8 17. Re1+ Kf7 18. Bg5 Bf6 19. Bxf6 Kxf6 20. Re3 c5 21. Rae1 Bd5 22. dxc5 Nd7 23. Rd3 Be6 24. cxb6 Nxb6 25. Rf3+ Bf5 26. h3 Rc8 27. g4 1-0